000 00777nam a2200253Ia 4500
003 OSt
005 20220927104117.0
006 a|||||r|||| 00| 0
007 ta
008 220926b |||||||| |||| 00| 0 eng d
024 _a110738
037 _cReference Collections
040 _aRTL
_cRTL
_beng
041 _2eng
_aeng
082 _a"X9(JB):2.1.N9, N1/UN"
110 _a"UN,Food And Agriculture Organization"
245 0 _aWood and wood products
_b 1961-1989
260 _aRome
_bFood and Agriculture Organization
_c1991
300 _a39p.
_ccm.
650 _aForestry Industry
_9364109
700 _a"UN,Food And Agriculture Organization"
942 _h"X9(JB):2.1.N9, N1/UN"
_cCC
999 _c686065
_d686065